[Event "Sarajevo Bosna op 49th"]
[Site "Sarajevo"]
[Date "2019.04.29"]
[Round "4"]
[White "Dedic, Nedzad"]
[Black "Zaloznik, Vesna"]
[Result "1-0"]
[WhiteElo "1932"]
[BlackElo "1556"]
[PlyCount "101"]
[EventDate "2019.04.27"]
[EventType "swiss"]
[EventRounds "9"]
[EventCountry "BIH"]
[SourceTitle "CBM 190 Extra"]
[Source "ChessBase"]
[SourceDate "2019.07.15"]
[SourceVersion "1"]
[SourceVersionDate "2019.07.15"]
[SourceQuality "1"]

1. e4 e5 2. Bc4 Nf6 3. Nc3 Bc5 4. Nf3 Nc6 5. d3 d6 6. Bg5 h6 7. Be3 Bb6 8. h3 Be6 9. Bb3 Qe7 10. Qd2 Nd4 11. Bxd4 exd4 12. Ne2 c5 13. 0-0 0-0 14. Rae1 d5 15. exd5 Nxd5 16. Bxd5 Bxd5 17. Nexd4 Qf6 18. c4 cxd4 19. cxd5 Rfd8 20. Re4 Rxd5 21. Rfe1 Kh7 22. Re7 Bc5 23. Rxb7 Qa6 24. Rxf7 Qxa2 25. Qe2 Rdd8 26. Qe4+ Kg8 27. Rc7 Bb6 28. Rc2 Re8 29. Ne5 Qb3 30. Rce2 Rad8 31. g3 Bc7 32. f4 Qd5 33. Qxd5+ Rxd5 34. Nc4 Rxe2 35. Rxe2 Kf7 36. Kg2 g6 37. Kf3 Kf6 38. g4 h5 39. Re8 Rd7 40. gxh5 gxh5 41. Rh8 Kg6 42. Ke4 Re7+ 43. Ne5+ Bxe5 44. fxe5 Rb7 45. Rg8+ Kf7 46. Rg2 a5 47. Kxd4 Rb4+ 48. Kd5 Rb5+ 49. Ke4 Rb4+ 50. d4 Rb3 51. Rh2 1-0

[Event "Sarajevo Bosna op 49th"]
[Site "Sarajevo"]
[Date "2019.04.28"]
[Round "3"]
[White "Hadzovic, Amir"]
[Black "Dedic, Nedzad"]
[Result "1-0"]
[WhiteElo "2258"]
[BlackElo "1932"]
[PlyCount "65"]
[EventDate "2019.04.27"]
[EventType "swiss"]
[EventRounds "9"]
[EventCountry "BIH"]
[SourceTitle "CBM 190 Extra"]
[Source "ChessBase"]
[SourceDate "2019.07.15"]
[SourceVersion "1"]
[SourceVersionDate "2019.07.15"]
[SourceQuality "1"]

1. e4 e6 2. Nf3 d5 3. e5 c5 4. g3 Bd7 5. Bg2 Nc6 6. 0-0 Qc7 7. Re1 Nge7 8. d3 Ng6 9. Qe2 Rc8 10. c4 Nge7 11. Nc3 a6 12. Bf4 Nd4 13. Nxd4 cxd4 14. Nxd5 Qd8 15. Nxe7 Bxe7 16. Bxb7 Rb8 17. Be4 g5 18. Bc1 h5 19. h3 a5 20. b3 Qc7 21. Bg2 a4 22. Bd2 axb3 23. axb3 Rxb3 24. Ra8+ Rb8 25. Rxb8+ Qxb8 26. Ra1 Bc8 27. Ra8 Qc7 28. Qf3 0-0 29. Qxh5 Qxe5 30. Ra5 Qb8 31. Bxg5 Qb1+ 32. Kh2 Bd8 33. Bxd8 1-0

[Event "Sarajevo Galijatovic Memorial"]
[Site "Sarajevo"]
[Date "2019.02.13"]
[Round "1"]
[White "Hadzic, Tahir"]
[Black "Dedic, Nedzad"]
[Result "0-1"]
[WhiteElo "1504"]
[BlackElo "1938"]
[PlyCount "80"]
[EventDate "2019.02.13"]
[EventType "swiss"]
[EventRounds "7"]
[EventCountry "BIH"]
[SourceTitle "CBM 189 Extra"]
[Source "ChessBase"]
[SourceDate "2019.06.03"]
[SourceVersion "1"]
[SourceVersionDate "2019.06.03"]
[SourceQuality "1"]

1. b3 Nf6 2. Bb2 d5 3. e3 c5 4. Nf3 Nc6 5. Bb5 Bg4 6. 0-0 a6 7. Be2 e6 8. d4 Bd6 9. Nbd2 cxd4 10. Nxd4 Bxe2 11. Qxe2 Qc7 12. N2f3 Rc8 13. Nxc6 Qxc6 14. Rac1 b5 15. Rfd1 0-0 16. Bxf6 gxf6 17. Nd4 Qc7 18. Qg4+ Kh8 19. Qh4 Be7 20. Nf3 Rg8 21. Qd4 Qc3 22. Qa7 Ba3 23. Rb1 Qxc2 24. Qxf7 Qg6 25. Qxg6 hxg6 26. Rd2 Kg7 27. Nd4 Kf7 28. Rc2 e5 29. Rxc8 Rxc8 30. Nf3 Rc2 31. h3 Rxa2 32. Rd1 Ke6 33. Nh4 g5 34. Nf3 Bb2 35. Kh2 Bc3 36. Rc1 b4 37. Kg3 a5 38. Ne1 e4 39. f3 Bd2 40. Rc2 Bxe1+ 0-1

[Event "Sarajevo-ch"]
[Site "Sarajevo"]
[Date "2018.03.26"]
[Round "10"]
[White "Burovic, Rijad"]
[Black "Dedic, Nedzad"]
[Result "1-0"]
[WhiteElo "2344"]
[BlackElo "1963"]
[PlyCount "89"]
[EventDate "2018.03.19"]
[EventType "tourn"]
[EventRounds "11"]
[EventCountry "BIH"]
[SourceTitle "CBM 183 Extra"]
[Source "ChessBase"]
[SourceDate "2018.04.19"]
[SourceVersion "1"]
[SourceVersionDate "2018.04.19"]
[SourceQuality "1"]

1. e4 e5 2. f4 exf4 3. Bc4 Qh4+ 4. Kf1 b6 5. Nf3 Qh5 6. d4 Ba6 7. Bxa6 Nxa6 8. Qe2 Nb8 9. Bxf4 Kd8 10. Nc3 f6 11. Nb5 d6 12. Qc4 c6 13. Bxd6 Bxd6 14. Nxd6 Nh6 15. Qe6 Nd7 16. Nb7+ Kc7 17. Qd6+ Kxb7 18. Qxd7+ Ka6 19. Qxc6 Rac8 20. Qa4+ Kb7 21. c3 g5 22. Qd7+ Ka8 23. Qd5+ Kb8 24. a4 Rhd8 25. Qb5 Rc7 26. h4 Nf7 27. Kg1 Qg6 28. hxg5 Qxe4 29. Re1 Qg4 30. Rh4 Qg3 31. Re8 fxg5 32. Rxd8+ Nxd8 33. Qxg5 Qd6 34. Rh6 Qd7 35. Ne5 Qe8 36. Rf6 Kb7 37. a5 Qa4 38. axb6 axb6 39. Rf1 Ne6 40. Qf5 Qa2 41. Qe4+ Kc8 42. d5 Nd8 43. Qg4+ Kb7 44. d6 Rc5 45. Qd7+ 1-0

[Event "Sarajevo-ch"]
[Site "Sarajevo"]
[Date "2018.03.23"]
[Round "5"]
[White "Dedic, Nedzad"]
[Black "Dizdarevic, Emir"]
[Result "0-1"]
[WhiteElo "1963"]
[BlackElo "2452"]
[PlyCount "70"]
[EventDate "2018.03.19"]
[EventType "tourn"]
[EventRounds "11"]
[EventCountry "BIH"]
[SourceTitle "CBM 183 Extra"]
[Source "ChessBase"]
[SourceDate "2018.04.19"]
[SourceVersion "1"]
[SourceVersionDate "2018.04.19"]
[SourceQuality "1"]

1. e4 c6 2. d4 d5 3. Nc3 dxe4 4. Nxe4 Bf5 5. Ng3 Bg6 6. Nf3 Nd7 7. Bc4 e6 8. 0-0 Ngf6 9. Re1 Be7 10. Qe2 Nd5 11. a3 0-0 12. Ba2 b5 13. c4 bxc4 14. Bxc4 a5 15. b3 N5b6 16. Be3 Qb8 17. Rec1 Nxc4 18. bxc4 Qb3 19. c5 Rfb8 20. Bf4 Rb7 21. h4 Qd5 22. Rd1 h6 23. Ne5 Nxe5 24. dxe5 Qxc5 25. Qg4 Kh8 26. Rdc1 Qd5 27. Rd1 Qb3 28. a4 Rab8 29. Nh5 Qc2 30. Rac1 Qxa4 31. Nxg7 Rg8 32. Qf3 Kxg7 33. Qe3 Rb3 34. Rd4 Rxe3 35. Rxa4 Re4 0-1

[Event "Sarajevo Galijatovic Memorial"]
[Site "Sarajevo"]
[Date "2018.02.25"]
[Round "7"]
[White "Dedic, Nedzad"]
[Black "Hadzovic, Amir"]
[Result "1/2-1/2"]
[WhiteElo "1935"]
[BlackElo "2281"]
[PlyCount "166"]
[EventDate "2018.02.19"]
[EventType "swiss"]
[EventRounds "7"]
[EventCountry "BIH"]
[SourceTitle "CBM 183 Extra"]
[Source "ChessBase"]
[SourceDate "2018.04.19"]
[SourceVersion "1"]
[SourceVersionDate "2018.04.19"]
[SourceQuality "1"]

1. e4 e5 2. Bc4 Nf6 3. Nc3 Bc5 4. d3 c6 5. Nf3 d6 6. h3 Nbd7 7. 0-0 0-0 8. Bg5 Re8 9. Ne2 Nf8 10. Ng3 h6 11. Be3 Ng6 12. Qd2 Bxe3 13. fxe3 d5 14. exd5 cxd5 15. Bb3 Qc7 16. Qf2 Be6 17. Nd2 Qd7 18. Nf5 Nh7 19. Nh4 Ne7 20. e4 Ng5 21. Nhf3 Nxf3+ 22. Nxf3 f6 23. Nh4 Rf8 24. Rad1 d4 25. Nf5 Bxb3 26. Nxe7+ Qxe7 27. axb3 Rfc8 28. Rd2 Rc6 29. Qe1 Rac8 30. Rff2 Qb4 31. Qd1 R8c7 32. Qa1 Ra6 33. Qb1 g6 34. Qd1 Kg7 35. h4 Qb5 36. h5 Qe8 37. g4 Qc8 38. Kh2 Rc5 39. hxg6 Qe8 40. Kg3 Qxg6 41. Rf5 Rca5 42. Qh1 Ra1 43. Rd1 R1a2 44. Rb1 Rc6 45. Qh2 Kf7 46. Qd2 Ke8 47. Rh5 Kd7 48. Rxh6 Qg5 49. Qxg5 fxg5 50. Rxc6 Kxc6 51. Kf3 Kc5 52. Ke2 b5 53. Rf1 Rxb2 54. Kd2 Ra2 55. Rf5 Kd6 56. Rxg5 Ra1 57. Rg6+ Ke7 58. g5 Kf7 59. Rf6+ Ke7 60. Rf5 Ke6 61. Rf6+ Ke7 62. Rf5 Ke6 63. Rf6+ Ke7 64. Rc6 Kd7 65. Rc5 Kd6 66. Rd5+ Ke6 67. Rxb5 Rg1 68. Ra5 Rxg5 69. Rxa7 Rg1 70. Ra6+ Kf7 71. Ra5 Ke6 72. Rc5 Kd6 73. Rc4 Rb1 74. Ke2 Ke6 75. Kf3 Rf1+ 76. Kg4 Rg1+ 77. Kh4 Rh1+ 78. Kg5 Rg1+ 79. Kh6 Kd6 80. Kh7 Rg3 81. b4 Rg1 82. Rc5 Rb1 83. Rb5 Rb2 1/2-1/2

[Event "Sarajevo Bosna op 47th"]
[Site "Sarajevo"]
[Date "2017.05.14"]
[Round "3"]
[White "Reinhard, Marcus"]
[Black "Dedic, Nedzad"]
[Result "0-1"]
[WhiteElo "2168"]
[BlackElo "1940"]
[PlyCount "100"]
[EventDate "2017.05.13"]
[EventType "swiss"]
[EventRounds "9"]
[EventCountry "BIH"]
[SourceTitle "CBM 178 Extra"]
[Source "ChessBase"]
[SourceDate "2017.06.22"]
[SourceVersion "1"]
[SourceVersionDate "2017.06.22"]
[SourceQuality "1"]

1. e4 e6 2. Nf3 d5 3. e5 c5 4. b4 cxb4 5. a3 Nc6 6. axb4 Qc7 7. d4 Bxb4+ 8. c3 Ba5 9. Bd3 h6 10. 0-0 Nge7 11. Ba3 Bd7 12. Nfd2 h5 13. Nb3 Bb6 14. Qd2 Qd8 15. Nc5 Rb8 16. Qf4 Kf8 17. Nd2 Kg8 18. Qh4 Be8 19. f4 Nf5 20. Qf2 Nce7 21. Nf3 Qc8 22. Rfc1 Bd8 23. g3 Rh6 24. Nb3 Bb6 25. Nbd2 Qd8 26. Nf1 Ba5 27. Ne3 g6 28. Nxf5 Nxf5 29. Bxf5 gxf5 30. Bd6 Rc8 31. Qb2 Bb6 32. Rcb1 Rc6 33. Kf2 Qc8 34. Ra3 Kh7 35. Ke3 Rg6 36. Kd3 Qd8 37. Qa2 Rc8 38. Qb3 Bc6 39. Qb4 Qd7 40. Kd2 Re8 41. Ke3 Kh8 42. Qb2 Reg8 43. Qg2 Rh6 44. Ra2 Bb5 45. Qb2 a6 46. Qa3 Rc8 47. Rc2 Bd8 48. Kd2 Qc6 49. Bf8 Rg6 50. Be7 Qc4 0-1

[Event "Sarajevo Bosna op 46th"]
[Site "Sarajevo"]
[Date "2016.06.02"]
[Round "8"]
[White "Peric, Pero"]
[Black "Dedic, Nedzad"]
[Result "1-0"]
[WhiteElo "1746"]
[BlackElo "1977"]
[PlyCount "60"]
[EventDate "2016.05.28"]
[EventType "swiss"]
[EventRounds "9"]
[EventCountry "BIH"]
[SourceTitle "EXT 2019"]
[Source "ChessBase"]
[SourceDate "2018.10.10"]
[SourceVersion "1"]
[SourceVersionDate "2018.10.10"]
[SourceQuality "1"]

1. e4 e6 2. Nc3 d5 3. d3 Nf6 4. Bg5 Be7 5. Nf3 c6 6. Be2 Qb6 7. b3 Bb4 8. Bd2 Qa5 9. Na4 dxe4 10. Bxb4 Qxb4+ 11. Nd2 exd3 12. Bxd3 Qd4 13. 0-0 0-0 14. Nf3 Qf4 15. g3 Qh6 16. h4 Nbd7 17. Qe2 b5 18. Nc3 Nc5 19. Rad1 a5 20. Rd2 Nxd3 21. Qxd3 b4 22. Ne2 Ba6 23. Qd4 Nd5 24. Rfd1 Bxe2 25. Rxe2 Nc3 26. Red2 Nxd1 27. Rxd1 Qf6 28. Ne5 Rad8 29. Nd7 h6 30. Nxf6+ gxf6 1-0

[Event "Sarajevo Bosna op 46th"]
[Site "Sarajevo"]
[Date "2016.05.31"]
[Round "6"]
[White "Demic, Aleksandar"]
[Black "Dedic, Nedzad"]
[Result "0-1"]
[WhiteElo "1727"]
[BlackElo "1977"]
[PlyCount "100"]
[EventDate "2016.05.28"]
[EventType "swiss"]
[EventRounds "9"]
[EventCountry "BIH"]
[SourceTitle "EXT 2019"]
[Source "ChessBase"]
[SourceDate "2018.10.10"]
[SourceVersion "1"]
[SourceVersionDate "2018.10.10"]
[SourceQuality "1"]

1. e4 e6 2. d4 d5 3. Nc3 Nf6 4. Bg5 Bb4 5. e5 h6 6. exf6 hxg5 7. fxg7 Rg8 8. Qh5 Qf6 9. Nf3 Qxg7 10. Bd3 Bd7 11. 0-0 Nc6 12. Nb5 0-0-0 13. c3 Be7 14. Ne5 Nxe5 15. dxe5 a6 16. Nd4 c5 17. Nc2 Qxe5 18. Qxf7 Bd6 19. g3 Rg7 20. Qh5 Qf6 21. c4 Bc6 22. cxd5 exd5 23. Ne3 Bc7 24. Rac1 c4 25. Bb1 b5 26. b3 Kb8 27. bxc4 dxc4 28. a4 Bb6 29. axb5 axb5 30. Qg4 Bxe3 31. fxe3 Qe5 32. Qe2 g4 33. Rf5 Qd6 34. Ba2 Qd2 35. Qxd2 Rxd2 36. Bxc4 bxc4 37. Rxc4 Kb7 38. Rff4 Rg2+ 39. Kf1 Rxh2 40. Rb4+ Ka6 41. Rxg4 Rd7 42. Rgd4 Rc7 43. Kg1 Rg2+ 44. Kf1 Rc2 45. Ke1 Bb5 46. Rd2 Rc1+ 47. Rd1 R1c3 48. Re4 Rh7 49. Re6+ Ka5 50. Kd2 Ra3 0-1

[Event "Sarajevo Bosna op 46th"]
[Site "Sarajevo"]
[Date "2016.05.29"]
[Round "3"]
[White "Dedic, Nedzad"]
[Black "Sabanagic, Mirza"]
[Result "1-0"]
[WhiteElo "1977"]
[BlackElo "1612"]
[PlyCount "37"]
[EventDate "2016.05.28"]
[EventType "swiss"]
[EventRounds "9"]
[EventCountry "BIH"]
[SourceTitle "EXT 2019"]
[Source "ChessBase"]
[SourceDate "2018.10.10"]
[SourceVersion "1"]
[SourceVersionDate "2018.10.10"]
[SourceQuality "1"]

1. e4 e5 2. Bc4 Nf6 3. Nc3 Bc5 4. d3 h6 5. h3 d6 6. Qf3 0-0 7. g4 Ne8 8. Nge2 Be6 9. Ng3 Bxc4 10. dxc4 c6 11. h4 Bb4 12. g5 Bxc3+ 13. bxc3 h5 14. Nxh5 g6 15. Nf6+ Nxf6 16. gxf6 Nd7 17. Bg5 Re8 18. h5 gxh5 19. Qxh5 1-0

[Event "Sarajevo Bosna op 46th"]
[Site "Sarajevo"]
[Date "2016.05.28"]
[Round "1"]
[White "Dedic, Nedzad"]
[Black "Kurajica, Bojan"]
[Result "0-1"]
[WhiteElo "1977"]
[BlackElo "2527"]
[PlyCount "48"]
[EventDate "2016.05.28"]
[EventType "swiss"]
[EventRounds "9"]
[EventCountry "BIH"]
[SourceTitle "CBM 172 Extra"]
[Source "ChessBase"]
[SourceDate "2016.06.21"]
[SourceVersion "1"]
[SourceVersionDate "2016.06.21"]
[SourceQuality "1"]

1. e4 c5 2. Nf3 Nc6 3. d4 cxd4 4. Nxd4 Qb6 5. Nxc6 bxc6 6. Bd3 g6 7. Nc3 Bg7 8. 0-0 d6 9. Na4 Qc7 10. Bd2 Nf6 11. Re1 0-0 12. f4 e5 13. fxe5 Ng4 14. h3 Nxe5 15. Qe2 Bd7 16. Rab1 Rae8 17. c4 f5 18. exf5 Nxd3 19. Qxd3 Bxf5 20. Qg3 Bxb1 21. Rxb1 Re2 22. Bf4 Qa5 23. Nc3 Bxc3 24. bxc3 Qf5 0-1

[Event "Sarajevo Bosna op 45th"]
[Site "Sarajevo"]
[Date "2015.06.02"]
[Round "6"]
[White "Peric, Bernard"]
[Black "Dedic, Nedzad"]
[Result "1-0"]
[WhiteElo "2072"]
[BlackElo "1927"]
[PlyCount "71"]
[EventDate "2015.05.30"]
[EventType "swiss"]
[EventRounds "9"]
[EventCountry "BIH"]
[SourceTitle "CBM 166 Extra"]
[Source "ChessBase"]
[SourceDate "2015.06.18"]
[SourceVersion "1"]
[SourceVersionDate "2015.06.18"]
[SourceQuality "1"]

1. d4 d5 2. Nf3 Nf6 3. Bf4 e6 4. e3 c5 5. c3 Bd6 6. Bxd6 Qxd6 7. Ne5 Bd7 8. Bd3 Qb6 9. b3 a5 10. 0-0 a4 11. Nd2 Nc6 12. f4 Rc8 13. Qf3 g6 14. g4 h5 15. g5 Ng8 16. bxa4 Nge7 17. Rab1 Qa7 18. Nxd7 Kxd7 19. Nb3 Nd8 20. Bb5+ Nec6 21. Nxc5+ Ke7 22. e4 dxe4 23. Qxe4 b6 24. Nd3 Kf8 25. Ne5 Nxe5 26. Qxe5 Kg8 27. d5 Rc5 28. Rbd1 Kh7 29. c4 Rf8 30. Qd6 Kg8 31. Rfe1 Qa5 32. dxe6 Nxe6 33. Rxe6 fxe6 34. Bd7 Qc3 35. Bxe6+ Kg7 36. Qe7+ 1-0

[Event "BIH-chT2"]
[Site "Tuzla"]
[Date "2010.07.24"]
[Round "9"]
[White "Dedic, Nedzad"]
[Black "Corbadzic, Samir"]
[Result "1/2-1/2"]
[WhiteElo "1997"]
[BlackElo "2103"]
[PlyCount "21"]
[EventDate "2010.07.18"]
[EventType "team-swiss"]
[EventRounds "9"]
[EventCountry "BIH"]
[SourceTitle "CBM 137 Extra"]
[Source "ChessBase"]
[SourceDate "2010.09.01"]
[SourceVersion "1"]
[SourceVersionDate "2010.09.01"]
[SourceQuality "1"]

1. e4 e6 2. Nc3 c5 3. g3 d5 4. exd5 exd5 5. Bg2 Nf6 6. d4 Be6 7. Bg5 cxd4 8. Qxd4 Be7 9. Nge2 0-0 10. 0-0 Nc6 11. Qd2 1/2-1/2

[Event "BIH-chT2"]
[Site "Tuzla"]
[Date "2010.07.21"]
[Round "5"]
[White "Ilic, Slavisa"]
[Black "Dedic, Nedzad"]
[Result "1-0"]
[WhiteElo "2120"]
[BlackElo "1997"]
[PlyCount "43"]
[EventDate "2010.07.18"]
[EventType "team-swiss"]
[EventRounds "9"]
[EventCountry "BIH"]
[SourceTitle "CBM 137 Extra"]
[Source "ChessBase"]
[SourceDate "2010.09.01"]
[SourceVersion "1"]
[SourceVersionDate "2010.09.01"]
[SourceQuality "1"]

1. d4 d5 2. Nf3 Nf6 3. e3 e6 4. Bd3 c5 5. c3 Nc6 6. 0-0 Qb6 7. Nbd2 Bd7 8. Qe2 Be7 9. dxc5 Bxc5 10. e4 dxe4 11. Nxe4 Nxe4 12. Bxe4 Rc8 13. Bf4 a5 14. Rad1 Ne7 15. Ne5 Bc6 16. Qh5 g6 17. Qh4 Nd5 18. Bg5 Bd6 19. Nc4 Qc7 20. Nxd6+ Qxd6 21. c4 h6 22. cxd5 1-0

[Event "BIH-chT2"]
[Site "Tuzla"]
[Date "2010.07.20"]
[Round "4"]
[White "Dedic, Nedzad"]
[Black "Fajkic, Jasmin"]
[Result "0-1"]
[WhiteElo "1997"]
[BlackElo "2220"]
[PlyCount "108"]
[EventDate "2010.07.18"]
[EventType "team-swiss"]
[EventRounds "9"]
[EventCountry "BIH"]
[SourceTitle "CBM 137 Extra"]
[Source "ChessBase"]
[SourceDate "2010.09.01"]
[SourceVersion "1"]
[SourceVersionDate "2010.09.01"]
[SourceQuality "1"]

1. e4 e5 2. Bc4 Nf6 3. d3 Be7 4. Nc3 0-0 5. f4 d6 6. Nf3 Nc6 7. fxe5 Nxe5 8. Nxe5 dxe5 9. Nd5 Nxd5 10. Bxd5 c6 11. Bb3 Bc5 12. Qe2 a5 13. a4 Qh4+ 14. g3 Qh3 15. Be3 Bg4 16. Qf2 Bxe3 17. Qxe3 Qg2 18. Rg1 Qxh2 19. Qf2 Qh5 20. Kd2 Be6 21. Bxe6 fxe6 22. Qc5 Qg5+ 23. Kc3 Rfe8 24. Kb3 Qe7 25. Qxe7 Rxe7 26. Kc4 b6 27. b4 axb4 28. Kxb4 Rea7 29. g4 Ra5 30. c4 Kf7 31. Rgc1 Ke7 32. Rf1 R8a7 33. g5 b5 34. cxb5 cxb5 35. Rh1 bxa4 36. Rxh7 Kd6 37. Ra3 R5a6 38. Kc3 Rc6+ 39. Kd2 Kc5 40. Rh1 Kb4 41. Raa1 a3 42. Rhb1+ Kc5 43. g6 Rb6 44. Rc1+ Kd6 45. Ra2 Rb2+ 46. Rc2 Rxc2+ 47. Kxc2 Ke7 48. d4 exd4 49. e5 Kd7 50. Kd3 Ra4 51. Kc2 Kc6 52. Kb1 Kd5 53. Re2 d3 54. Rd2 Kd4 0-1